Ensayos y control de hormigones / (Record no. 5467)
[ view plain ]
| 000 -LEADER | |
|---|---|
| campo de control de longitud fija | 02644nam a22003377a 4500 |
| 003 - IDENTIFICADOR DE NÚMERO DE CONTROL | |
| campo de control | BO-EaUP |
| 005 - FECHA Y HORA DE LA ÚLTIMA TRANSACCIÓN | |
| campo de control | 20260408101721.0 |
| 008 - DATOS DE LONGITUD FIJA--INFORMACIÓN GENERAL | |
| campo de control de longitud fija | 260407t2020 bo ||||| |||| 00| 0 spa d |
| 020 ## - NÚMERO INTERNACIONAL ESTÁNDAR DEL LIBRO | |
| Número Internacional Estándar del Libro | 978-99974-60-96-7 |
| 040 ## - FUENTE DE CATALOGACIÓN | |
| Centro catalogador/agencia de origen | Biblioteca I.P.E. |
| Lengua de catalogación | spa |
| Centro/agencia transcriptor | Biblioteca Ingeniería en Producción Empresarial |
| Normas de descripción | RDA |
| 041 ## - CÓDIGO DE IDIOMA | |
| Código de lengua del texto/banda sonora o título independiente | spa |
| Código de lengua original | spa |
| 043 ## - CÓDIGO DE ÁREA GEOGRÁFICA | |
| Código de área geográfica | s - bo |
| 082 ## - NÚMERO DE LA CLASIFICACIÓN DECIMAL DEWEY | |
| Número de edición | 21 |
| Número de clasificación | 363. 19 |
| 092 ## - ASIGNACIÓN LOCAL DE SIGNATURA TOPOGRÁFICA DEWEY (OCLC) | |
| Número de clasificación | 363. 19 |
| Signatura Librística | V297e |
| 100 ## - ENTRADA PRINCIPAL--NOMBRE DE PERSONA | |
| Nombre de persona | Vargas Choque, Javier G. |
| Títulos y otros términos asociados al nombre | Autor |
| Término indicativo de función/relación | Arq. |
| 9 (RLIN) | 6183 |
| 245 ## - MENCIÓN DEL TÍTULO | |
| Título | Ensayos y control de hormigones / |
| Mención de responsabilidad, etc. | Javier G. Vargas Choque |
| 250 ## - MENCION DE EDICION | |
| Mención de edición | Primera edición |
| 260 ## - PUBLICACIÓN, DISTRIBUCIÓN, ETC. | |
| Lugar de publicación, distribución, etc. | Oruro - Bolivia : |
| Nombre del editor, distribuidor, etc. | Latinas editores , |
| Fecha de publicación, distribución, etc. | 2020 |
| 300 ## - DESCRIPCIÓN FÍSICA | |
| Extensión | 144, páginas : |
| Otras características físicas | Ilustraciones, gráficas, tapa blanda ; |
| Dimensiones | 25 x 18 centímetros |
| Tamaño de la unidad | carta |
| 336 ## - TIPO DE CONTENIDO | |
| Fuente | rdacontent |
| Término de tipo de contenido | texto |
| Código de tipo de contenido | txt |
| 337 ## - TIPO DE MEDIO | |
| Fuente | rdamedia |
| Nombre/término del tipo de medio | no mediado |
| Código del tipo de medio | n |
| 338 ## - TIPO DE SOPORTE | |
| Nombre/término del tipo de soporte | volumen |
| Código del tipo de soporte | nc |
| 505 ## - NOTA DE CONTENIDO CON FORMATO | |
| Nota de contenido con formato | 1. Cemento Portland - 2. Constituyentes del cemento - 3. Hormigón - Laboratorio Nº 1 Extracción y preparación de muestras - Laboratorio Nº 2 Contenido de humedad en el agregado fino y grueso - Laboratorio Nº 3 Determinación por lavado del material tamiz Nº200 - Laboratorio Nº 4 Peso especifico absorción del agregado grueso - Laboratorio Nº 5 Peso especifico y absorción del agregado fino - Laboratorio Nº 6 Peso unitario y vacíos de los agregados - Laboratorio Nº 7 Análisis por tamiz de los agregados "granulometría" - Laboratorio Nº 8 Valores del equivalente del agregado fino - Laboratorio Nº 9 Determinación del asentamiento - Laboratorio Nº 10 Extracción de muestras de hormigón fresco - Laboratorio Nº 11 Tiempo de fraguado de mesclas de hormigón - Laboratorio Nº 12 Confección y curado de probetas cilíndricas - Laboratorio Nº 13 Ensayo de comprensión de probetas de hormigón - Laboratorio Nº 14 Resistencia a flexión de hormigón "vigas" - Laboratorio Nº 15 Contenido de aire en el hormigón fresco - Diseño de mesclas de concreto " Método ACI" /Bibliografía. |
| 520 ## - RESUMEN, ETC. | |
| Sumario, etc. | Este es un libro en el cual se exponen las nociones esenciales del arte del hormigón; es un guía, pues con este libro en la mano del controlador principiante sera guiado en el laberinto de normas, reglamentos diversos, recomendaciones; también es una guía las prevenciones concernientes a los procedimientos de laboratorio según su importancia, pues se encuentra bien descritos y clasificados todos los análisis y ensayos que un controlador tiene que realizar según los casos mas variados. |
| 546 ## - NOTA DE IDIOMA | |
| Nota de lengua/lenguaje | Español |
| 653 ## - TÉRMINO DE INDIZACIÓN--NO CONTROLADO | |
| Término no controlado | ENSAYOS DE CONTROL |
| 653 ## - TÉRMINO DE INDIZACIÓN--NO CONTROLADO | |
| Término no controlado | CONTROLADOR |
| 653 ## - TÉRMINO DE INDIZACIÓN--NO CONTROLADO | |
| Término no controlado | CEMENTO |
| 653 ## - TÉRMINO DE INDIZACIÓN--NO CONTROLADO | |
| Término no controlado | HORMIGON |
| 942 ## - ELEMENTOS DE ENTRADA SECUNDARIOS (KOHA) | |
| Fuente del sistema de clasificación o colocación | Clasificación Decimal Dewey |
| Tipo de ítem Koha | Libros |
| Suprimir en OPAC | No |
No items available.